01168 2200349 4500001002100000005001500021035002000036007000300056008004100059020002200100040001200122082001400134084001400148090001800162090002200180245019200202250003500394260005600429300005600485650000900541650003600550650002900586700001800615700001200633700002000645850001200665041000800677504002500685710006400710999002200774990002200796INLIS00000000079325520200210091516 a0010-0718000235ta180711 ind  a978-602-5607-05-9 aYOPDYOG04223a371.1 a371.1 PEN aDEP 371.1 PEN aCB-D.11 2017-27171 aPengembangan keprofesionalan guru sejarah melalui penelitian tindakan kelas /cMahasiswa PPG SM-3T angkatan V Prodi Pendidikan Sejarah USD; editor, Nanda Priyono, Jamilah, Anju Nofarof H. aCetakan pertama, November 2017 aYogyakarta :bSanata Dharma University Press,c2017 ax, 340 halaman :bilustrasi, tabel, grafik ;c23 cm 4aGuru 4aSejarah--xstudi dan pengajaran 4aPendidikan--xpenelitian0 aNanda Priyono0 aJamilah0 aAnju Nofaroh H. aYOPDYOG0 aind aTermasuk bibliografi2 aMahasiswa PPG SM-3T angkatan V Prodi Pendidikan Sejarah USD aCB-D.11/2017-2717 aCB-D.11/2017-2717